[Event "Mazowiec-chT 1617"]
[Site "Warsaw"]
[Date "2017.02.05"]
[Round "10.6"]
[White "Kielar, Maciej"]
[Black "Pietruszewski, Marcin"]
[Result "0-1"]
[WhiteElo "2053"]
[BlackElo "2208"]
[PlyCount "64"]
[EventDate "2016.12.11"]
[EventType "team-tourn"]
[EventRounds "10"]
[EventCountry "POL"]
[SourceTitle "EXT 2019"]
[Source "ChessBase"]
[SourceDate "2018.10.10"]
[SourceVersion "1"]
[SourceVersionDate "2018.10.10"]
[SourceQuality "1"]

1. e4 c5 2. Nf3 e6 3. d3 a6 4. g3 b5 5. Bg2 Bb7 6. 0-0 g6 7. Re1 Bg7 8. e5 Ne7 9. Nc3 d6 10. Ne4 Bxe4 11. exd6 Bb7 12. dxe7 Qxe7 13. Bg5 Qc7 14. Bf4 Qb6 15. Ne5 0-0 16. a4 f6 17. a5 Qa7 18. Nf3 e5 19. Be3 Nd7 20. c3 Rae8 21. d4 cxd4 22. cxd4 e4 23. Qb3+ Kh8 24. Nd2 f5 25. Qb4 Nf6 26. Nb3 h6 27. Rac1 Nd5 28. Qd6 g5 29. Rc5 Rf6 30. Qd7 Qa8 31. Rxd5 Bxd5 32. Nc5 Bf8 0-1

[Event "Mazowiec-chT 1617"]
[Site "Warsaw"]
[Date "2017.02.05"]
[Round "9.13"]
[White "Kielar, Maciej"]
[Black "Radecki, Wojciech"]
[Result "1/2-1/2"]
[WhiteElo "2053"]
[BlackElo "1818"]
[PlyCount "133"]
[EventDate "2016.12.11"]
[EventType "team-tourn"]
[EventRounds "10"]
[EventCountry "POL"]
[SourceTitle "EXT 2019"]
[Source "ChessBase"]
[SourceDate "2018.10.10"]
[SourceVersion "1"]
[SourceVersionDate "2018.10.10"]
[SourceQuality "1"]

1. e4 e5 2. Bc4 Nc6 3. Nf3 Bc5 4. 0-0 d6 5. c3 Bg4 6. d3 Bxf3 7. Qxf3 Qf6 8. Qg3 Qg6 9. b4 Qxg3 10. hxg3 Nxb4 11. Nd2 Nc6 12. Nf3 Na5 13. Bb3 Nxb3 14. axb3 f6 15. Nd2 Ne7 16. b4 Bb6 17. Nc4 0-0 18. g4 h6 19. Be3 d5 20. Bxb6 axb6 21. Ne3 dxe4 22. dxe4 Kf7 23. Rfd1 Ke6 24. Kf1 b5 25. Ke2 Ra4 26. Rac1 Rfa8 27. Rd2 Ra2 28. Rxa2 Rxa2+ 29. Rc2 Ra1 30. Rd2 Ra3 31. Kd3 b6 32. Kc2 Ra2+ 33. Kc1 Ra1+ 34. Kb2 Re1 35. Kc2 g6 36. Rd1 Rxd1 37. Nxd1 f5 38. gxf5+ gxf5 39. f3 f4 40. Nf2 Ng6 41. Nd3 Nh4 42. Ne1 c5 43. Kd3 Ng6 44. Nc2 Kd6 45. Ke2 Ne7 46. Kd2 Kc6 47. Kd3 Nc8 48. Ke2 Nd6 49. Kd2 Nc4+ 50. Kd3 Kd6 51. Ke2 Ke6 52. Kf2 Kf6 53. Ne1 Ne3 54. Ke2 h5 55. g3 cxb4 56. cxb4 Nc4 57. gxf4 exf4 58. Nd3 Kg5 59. Kf2 Ne3 60. Kg1 Nc2 61. Kg2 Nd4 62. Ne1 h4 63. Kh3 Kh5 64. Nd3 Kg5 65. Ne1 Ne2 66. Nd3 Nd4 67. Ne1 1/2-1/2

[Event "Warsaw YMCA Winter-A 163rd"]
[Site "Warsaw"]
[Date "2016.01.21"]
[Round "4"]
[White "Kielar, Maciej"]
[Black "Szymczak, Rafal"]
[Result "1/2-1/2"]
[WhiteElo "2102"]
[BlackElo "2029"]
[PlyCount "46"]
[EventDate "2016.01.08"]
[EventType "tourn"]
[EventRounds "13"]
[EventCountry "POL"]
[SourceTitle "EXT 2018"]
[Source "ChessBase"]
[SourceDate "2017.10.13"]
[SourceVersion "1"]
[SourceVersionDate "2017.10.13"]
[SourceQuality "1"]

1. e4 c6 2. d4 d5 3. Nd2 dxe4 4. Nxe4 Nd7 5. Nf3 Ngf6 6. Nxf6+ Nxf6 7. c3 g6 8. Bd3 Bg7 9. h3 0-0 10. 0-0 Bf5 11. Re1 Bxd3 12. Qxd3 e6 13. Bg5 h6 14. Bd2 Qc7 15. c4 Rad8 16. Qa3 b6 17. Rab1 Rfe8 18. b4 Kh7 19. Re2 Rd7 20. Qb3 Nh5 21. Be3 Nf4 22. Rd2 Red8 23. Rbd1 b5 1/2-1/2

[Event "Warsaw YMCA Winter-A 163rd"]
[Site "Warsaw"]
[Date "2016.01.13"]
[Round "2"]
[White "Kielar, Maciej"]
[Black "Choroszej, Aleksander"]
[Result "1/2-1/2"]
[WhiteElo "2102"]
[BlackElo "1937"]
[PlyCount "53"]
[EventDate "2016.01.08"]
[EventType "tourn"]
[EventRounds "13"]
[EventCountry "POL"]
[SourceTitle "EXT 2018"]
[Source "ChessBase"]
[SourceDate "2017.10.13"]
[SourceVersion "1"]
[SourceVersionDate "2017.10.13"]
[SourceQuality "1"]

1. e4 g6 2. Nf3 Bg7 3. Bc4 d6 4. 0-0 c5 5. c3 Nf6 6. Re1 0-0 7. Bb3 Nc6 8. d4 cxd4 9. cxd4 Bg4 10. Nc3 Bxf3 11. gxf3 e5 12. dxe5 dxe5 13. Be3 Nh5 14. Qxd8 Raxd8 15. Nd5 Kh8 16. Bc5 Rg8 17. Rac1 Bh6 18. Rc2 Kg7 19. Ba4 Nd4 20. Bxd4 exd4 21. Rd1 Rc8 22. Rxd4 Rxc2 23. Bxc2 Rc8 24. Bb3 Nf4 25. Nxf4 Bxf4 26. Rd7 Rc7 27. Rxc7 1/2-1/2

[Event "Warsaw YMCA Autumn-A 161st"]
[Site "Warsaw"]
[Date "2015.11.27"]
[Round "10"]
[White "Liberadzki, Slawomir"]
[Black "Kielar, Maciej"]
[Result "1/2-1/2"]
[WhiteElo "2011"]
[BlackElo "2115"]
[PlyCount "79"]
[EventDate "2015.09.25"]
[EventType "tourn"]
[EventRounds "13"]
[EventCountry "POL"]
[SourceTitle "EXT 2019"]
[Source "ChessBase"]
[SourceDate "2018.10.10"]
[SourceVersion "1"]
[SourceVersionDate "2018.10.10"]
[SourceQuality "1"]

1. e4 g6 2. d4 Bg7 3. Nf3 c5 4. dxc5 Qa5+ 5. Bd2 Qxc5 6. Bc3 Nf6 7. Bd3 d6 8. Nbd2 Ng4 9. 0-0 Bxc3 10. Nb3 Qc7 11. bxc3 Qxc3 12. Nbd4 Nc6 13. Rb1 0-0 14. Rb3 Qa5 15. Rb5 Qxa2 16. Qd2 a6 17. Rg5 e5 18. Nf5 Bxf5 19. exf5 Nf6 20. Rg3 Kg7 21. Rh3 h5 22. g4 Qa5 23. g5 Nd5 24. Qd1 Nf4 25. Rh4 Qd5 26. Rxf4 exf4 27. Qa1+ Ne5 28. Nh4 Kh7 29. Rd1 Nf3+ 30. Nxf3 Qxf3 31. Re1 Rae8 32. Rb1 Re5 33. Qd4 Rfe8 34. Rf1 Re1 35. fxg6+ fxg6 36. Bxg6+ Kg8 37. Bf7+ Kf8 38. Qh8+ Kxf7 39. Qf6+ Kg8 40. Qg6+ 1/2-1/2

[Event "Warsaw Najdorf Memorial op-B 13th"]
[Site "Warsaw"]
[Date "2015.07.17"]
[Round "8"]
[White "Baasansuren, Erdene"]
[Black "Kielar, Maciej"]
[Result "0-1"]
[WhiteElo "1853"]
[BlackElo "2128"]
[PlyCount "98"]
[EventDate "2015.07.10"]
[EventType "swiss"]
[EventRounds "9"]
[EventCountry "POL"]
[SourceTitle "CBM 167 Extra"]
[Source "ChessBase"]
[SourceDate "2015.09.14"]
[SourceVersion "1"]
[SourceVersionDate "2015.09.14"]
[SourceQuality "1"]

1. d4 Nf6 2. c4 g6 3. Nc3 Bg7 4. Nf3 0-0 5. g3 c5 6. d5 e6 7. Bg2 exd5 8. cxd5 b5 9. 0-0 b4 10. Na4 d6 11. Nd2 Ba6 12. b3 Re8 13. Re1 Ng4 14. Rb1 Qe7 15. Nc4 Bxc4 16. bxc4 Nd7 17. Bb2 Nde5 18. Bxe5 Qxe5 19. e4 h5 20. h3 Nh6 21. f4 Qd4+ 22. Qxd4 Bxd4+ 23. Kh2 f6 24. Bf3 Re7 25. Re2 Kg7 26. Rbe1 Nf7 27. Kg2 Rh8 28. h4 Rb8 29. Rb1 b3 30. Rxb3 Rxb3 31. axb3 Rb7 32. Nb2 Rxb3 33. Nd1 Ra3 34. Rd2 a5 35. Be2 a4 36. Rd3 Ra1 37. Nc3 a3 38. Nd1 a2 39. Ra3 Rxd1 40. Rxa2 Ra1 41. Rc2 Nh6 42. Kh3 f5 43. exf5 Nxf5 44. g4 Rh1+ 45. Kg2 Rg1+ 46. Kh2 hxg4 47. Bd3 Nxh4 48. Be4 Nf3+ 49. Bxf3 gxf3 0-1

[Event "Warsaw YMCA Autumn-A 131st"]
[Site "Warsaw"]
[Date "2013.11.29"]
[Round "10"]
[White "Kielar, Maciej"]
[Black "Rozycki, Bartlomiej"]
[Result "1-0"]
[WhiteElo "2103"]
[BlackElo "2002"]
[PlyCount "27"]
[EventDate "2013.09.20"]
[EventType "tourn"]
[EventRounds "11"]
[EventCountry "POL"]
[SourceTitle "EXT 2015"]
[Source "ChessBase"]
[SourceDate "2014.11.20"]
[SourceVersion "1"]
[SourceVersionDate "2014.11.20"]
[SourceQuality "1"]

1. e4 c5 2. c3 d6 3. Nf3 Nc6 4. d4 cxd4 5. Nxd4 Nf6 6. Bc4 a6 7. 0-0 Nxd4 8. Qxd4 b5 9. Bb3 g6 10. e5 dxe5 11. Bxf7+ Kxf7 12. Qxd8 Bg7 13. Qc7 e4 14. Bg5 1-0

[Event "Warsaw YMCA Spring 123rd"]
[Site "Warsaw"]
[Date "2013.06.13"]
[Round "10"]
[White "Kielar, Maciej"]
[Black "Szymczak, Rafal"]
[Result "1/2-1/2"]
[WhiteElo "2121"]
[BlackElo "2091"]
[PlyCount "22"]
[EventDate "2013.04.12"]
[EventType "tourn"]
[EventRounds "11"]
[EventCountry "POL"]
[SourceTitle "EXT 2014"]
[Source "ChessBase"]
[SourceDate "2013.11.20"]
[SourceVersion "1"]
[SourceVersionDate "2013.11.20"]
[SourceQuality "1"]

1. e4 d5 2. exd5 Qxd5 3. Nc3 Qd6 4. d4 Nf6 5. Nf3 a6 6. g3 Bg4 7. Bg2 Nc6 8. 0-0 0-0-0 9. d5 Nb4 10. Bf4 Qc5 11. Be3 Qd6 1/2-1/2

[Event "Warsaw-ch opA 66th"]
[Site "Warsaw"]
[Date "2013.05.18"]
[Round "8"]
[White "Harazinska, Ewa"]
[Black "Kielar, Maciej"]
[Result "1-0"]
[WhiteElo "2070"]
[BlackElo "2121"]
[PlyCount "91"]
[EventDate "2013.05.11"]
[EventType "swiss"]
[EventRounds "9"]
[EventCountry "POL"]
[SourceTitle "CBM 154 Extra"]
[Source "ChessBase"]
[SourceDate "2013.06.25"]
[SourceVersion "2"]
[SourceVersionDate "2013.06.25"]
[SourceQuality "1"]

1. d4 Nf6 2. c4 g6 3. Nc3 Bg7 4. e4 d6 5. Nf3 0-0 6. Be2 e5 7. 0-0 Nc6 8. d5 Ne7 9. b4 a5 10. Ba3 Nd7 11. bxa5 Rxa5 12. Bb4 Ra8 13. a4 Bh6 14. Ne1 f5 15. Nd3 Nf6 16. f3 Be3+ 17. Kh1 b6 18. a5 Ba6 19. axb6 cxb6 20. Qb3 g5 21. Ra2 Nh5 22. g3 Rf6 23. Rfa1 Qc8 24. Kg2 Rh6 25. Nf2 Ng6 26. exf5 Nhf4+ 27. gxf4 Nxf4+ 28. Kf1 Rxh2 29. Nce4 Bxf2 30. Nxf2 Nxe2 31. Rxa6 Rxa6 32. Rxa6 Nd4 33. Qa2 Qxf5 34. Rxb6 Qxf3 35. Qa8+ Kg7 36. Qa7+ Qf7 37. Qxf7+ Kxf7 38. Bxd6 Nf3 39. Bb4 Rh4 40. c5 Rd4 41. Rb7+ Ke8 42. d6 e4 43. c6 Ne5 44. Re7+ Kd8 45. Ba5+ Kc8 46. Re8# 1-0

[Event "Warsaw-ch opA 66th"]
[Site "Warsaw"]
[Date "2013.05.12"]
[Round "2"]
[White "Kielar, Maciej"]
[Black "Spicak, Krzysztof"]
[Result "0-1"]
[WhiteElo "2121"]
[BlackElo "1923"]
[PlyCount "102"]
[EventDate "2013.05.11"]
[EventType "swiss"]
[EventRounds "9"]
[EventCountry "POL"]
[SourceTitle "CBM 154 Extra"]
[Source "ChessBase"]
[SourceDate "2013.06.25"]
[SourceVersion "2"]
[SourceVersionDate "2013.06.25"]
[SourceQuality "1"]

1. e4 c5 2. Nf3 e6 3. d4 cxd4 4. Nxd4 a6 5. Nc3 b5 6. Bd3 Bb7 7. f4 Nc6 8. Nf3 Bc5 9. Qe2 Qb6 10. e5 f5 11. exf6 Nxf6 12. f5 0-0 13. Bg5 Nd4 14. Nxd4 Bxd4 15. fxe6 Qxe6 16. Qxe6+ dxe6 17. Bf1 Bxc3+ 18. bxc3 Ne4 19. Be7 Rf7 20. Bb4 a5 21. Ba3 Nxc3 22. Bb2 Rc8 23. Rg1 Be4 24. Bd3 Bxd3 25. cxd3 Na4 26. Rc1 Rfc7 27. Rxc7 Rxc7 28. Be5 Rc2 29. a3 b4 30. axb4 axb4 31. Kd1 b3 32. Rf1 Nc3+ 33. Bxc3 Rxc3 34. Rf2 Rxd3+ 35. Kc1 Rc3+ 36. Kb2 Rc2+ 37. Rxc2 bxc2 38. Kxc2 Kf7 39. Kd3 Kf6 40. Ke4 e5 41. g3 g6 42. h3 h6 43. g4 Ke6 44. h4 h5 45. gxh5 gxh5 46. Ke3 Kf5 47. Kf3 e4+ 48. Ke3 Ke5 49. Ke2 Kf4 50. Kf2 Kg4 51. Ke3 Kxh4 0-1

[Event "Warsaw YMCA Spring 123rd"]
[Site "Warsaw"]
[Date "2013.04.16"]
[Round "2"]
[White "Kasperkiewicz, Pawel"]
[Black "Kielar, Maciej"]
[Result "0-1"]
[WhiteElo "2108"]
[BlackElo "2121"]
[PlyCount "216"]
[EventDate "2013.04.12"]
[EventType "tourn"]
[EventRounds "11"]
[EventCountry "POL"]
[SourceTitle "EXT 2014"]
[Source "ChessBase"]
[SourceDate "2013.11.20"]
[SourceVersion "1"]
[SourceVersionDate "2013.11.20"]
[SourceQuality "1"]

1. e4 c5 2. c3 g6 3. d4 cxd4 4. cxd4 d5 5. exd5 Nf6 6. Bb5+ Bd7 7. Bc4 Bg7 8. Qb3 b5 9. Be2 0-0 10. Nc3 a6 11. Nf3 Bf5 12. 0-0 Qd6 13. Ne5 Nbd7 14. Bf4 Qb6 15. Rfd1 Rac8 16. Rd2 h5 17. h3 Qb7 18. Bf3 Qb6 19. Re1 Rfe8 20. Nc6 Bf8 21. Rde2 e6 22. dxe6 Bxe6 23. d5 Rxc6 24. dxe6 Rcxe6 25. Rxe6 Rxe6 26. Rxe6 Qxe6 27. Qxe6 fxe6 28. Ne4 Nd5 29. Bg3 Bg7 30. Ng5 Bxb2 31. Nxe6 Nb4 32. Nc7 Nc5 33. Bd6 Bd4 34. a3 Nbd3 35. Bg3 Bb2 36. Bd6 Bxa3 37. Be2 Bb4 38. Bd1 Bc3 39. Bc2 b4 40. Nxa6 Ne1 41. Bxg6 Nxa6 42. Bxh5 b3 43. Bg6 Nc2 44. Kf1 Nab4 45. Bxb4 Nxb4 46. h4 Kg7 47. Be4 b2 48. g4 Nd5 49. Ke2 Bb4 50. Kf3 Nc3 51. Bc2 b1Q 52. Bxb1 Nxb1 53. Ke4 Nd2+ 54. Kf5 Nf3 55. h5 Bc5 56. Kf4 Nd4 57. g5 Bd6+ 58. Ke4 Ne2 59. Kf5 Nf4 60. h6+ Kh7 61. Kf6 Ng6 62. Ke6 Bc5 63. f3 Be3 64. Kf5 Bd2 65. Kf6 Nh4 66. Kf7 Bxg5 67. Ke6 Kxh6 68. Kd5 Kg6 69. f4 Bxf4 70. Ke4 Kg5 71. Kd5 Kf5 72. Kd4 Nf3+ 73. Kd5 Be5 74. Kc5 Ke4 75. Kc4 Bd4 76. Kb5 Kd5 77. Ka6 Kc6 78. Ka5 Bc5 79. Ka4 Nd4 80. Ka5 Bb6+ 81. Kb4 Kd5 82. Kc3 Nc6 83. Kd3 Bd4 84. Ke2 Ke4 85. Kd2 Nb4 86. Ke2 Be3 87. Kf1 Kf3 88. Ke1 Bc1 89. Kf1 Nd3 90. Kg1 Nf2 91. Kh2 Bf4+ 92. Kg1 Be5 93. Kf1 Bh2 94. Ke1 Ne4 95. Kf1 Nd2+ 96. Ke1 Ke3 97. Kd1 Kd3 98. Ke1 Bg3+ 99. Kd1 Nc4 100. Kc1 Bf2 101. Kd1 Nb2+ 102. Kc1 Kc3 103. Kb1 Kb3 104. Kc1 Be3+ 105. Kb1 Nc4 106. Ka1 Bf4 107. Kb1 Na3+ 108. Ka1 Be5# 0-1

[Event "Warsaw YMCA 96th Autumn-A"]
[Site "Warsaw"]
[Date "2011.11.24"]
[Round "9"]
[White "Cajbel, Maciej"]
[Black "Kielar, Maciej"]
[Result "1-0"]
[WhiteElo "2224"]
[BlackElo "2098"]
[PlyCount "51"]
[EventDate "2011.09.29"]
[EventType "tourn"]
[EventRounds "11"]
[EventCountry "POL"]
[SourceTitle "EXT 2014"]
[Source "ChessBase"]
[SourceDate "2013.11.20"]
[SourceVersion "1"]
[SourceVersionDate "2013.11.20"]
[SourceQuality "1"]

1. e4 c5 2. Nc3 g6 3. f4 Bg7 4. Nf3 Nc6 5. Bc4 d6 6. d3 e6 7. 0-0 Nge7 8. Qe1 0-0 9. f5 d5 10. Bb3 d4 11. Ne2 exf5 12. Qh4 h5 13. Bg5 Qd6 14. e5 Bxe5 15. Nxe5 Qxe5 16. Nf4 Qd6 17. Bf6 Rd8 18. Nxh5 gxh5 19. Qg5+ Kf8 20. Qg7+ Ke8 21. Qxf7+ Kd7 22. Rae1 Re8 23. Re6 Qc7 24. Rfe1 Kd8 25. Bxe7+ Nxe7 26. Ba4 1-0

[Event "Warsaw YMCA 96th Autumn-A"]
[Site "Warsaw"]
[Date "2011.11.07"]
[Round "6"]
[White "Kielar, Maciej"]
[Black "Delega, Tomasz"]
[Result "1-0"]
[WhiteElo "2098"]
[BlackElo "2182"]
[PlyCount "119"]
[EventDate "2011.09.29"]
[EventType "tourn"]
[EventRounds "11"]
[EventCountry "POL"]
[SourceTitle "EXT 2014"]
[Source "ChessBase"]
[SourceDate "2013.11.20"]
[SourceVersion "1"]
[SourceVersionDate "2013.11.20"]
[SourceQuality "1"]

1. e4 g6 2. d4 Bg7 3. Nc3 c6 4. Bc4 b5 5. Bb3 a5 6. a4 b4 7. Nce2 Nf6 8. e5 Nd5 9. Nf3 Na6 10. 0-0 Nac7 11. c4 bxc3 12. bxc3 Rb8 13. Re1 Ba6 14. c4 Nb4 15. Nc3 Nd3 16. Qxd3 Rxb3 17. Nd2 Rb8 18. Qe3 0-0 19. Nce4 Bc8 20. Ba3 Na6 21. Rab1 Nb4 22. Qc3 d6 23. exd6 exd6 24. Bxb4 axb4 25. Rxb4 Rxb4 26. Qxb4 Bxd4 27. Qxd6 f5 28. Qxd8 Rxd8 29. Nd6 Ba6 30. Re8+ Rxe8 31. Nxe8 Bc3 32. Nc7 Bc8 33. Nb3 Kf7 34. Na8 Bb4 35. Kf1 Ke7 36. Ke2 Kd6 37. a5 c5 38. Nb6 Bb7 39. f3 g5 40. Ke3 f4+ 41. Kd3 g4 42. fxg4 Bxg2 43. a6 Kc6 44. Nd5 Bf1+ 45. Ke4 Bxc4 46. Nd4+ cxd4 47. Nxb4+ Kb6 48. Kxd4 Be2 49. g5 Bg4 50. h4 f3 51. Ke3 Bh5 52. Nd5+ Kxa6 53. Nf6 Bg6 54. Kxf3 Kb7 55. h5 Bc2 56. Kg4 Kc6 57. Nxh7 Bxh7 58. g6 Bg8 59. h6 Kd6 60. h7 1-0

[Event "Zabrze Mayor's Cup 34th"]
[Site "Zabrze"]
[Date "2011.09.24"]
[Round "3"]
[White "Malaniuk, Vladimir P"]
[Black "Kielar, Maciej"]
[Result "1-0"]
[WhiteElo "2496"]
[BlackElo "2098"]
[PlyCount "151"]
[EventDate "2011.09.23"]
[EventType "swiss"]
[EventRounds "10"]
[EventCountry "POL"]
[SourceTitle "CBM 144 Extra"]
[Source "ChessBase"]
[SourceDate "2011.10.28"]
[SourceVersion "1"]
[SourceVersionDate "2011.10.28"]
[SourceQuality "1"]

1. d4 Nf6 2. Nf3 g6 3. c3 Bg7 4. Bg5 d5 5. Nbd2 Nbd7 6. e3 0-0 7. b4 a5 8. a3 Nb6 9. Bd3 Bd7 10. 0-0 axb4 11. axb4 Ra4 12. Qc2 Qe8 13. Nb3 Ne4 14. Bxe4 dxe4 15. Qxe4 Bc6 16. Qxe7 Qc8 17. Bf4 Nd5 18. Qh4 Nxc3 19. Rxa4 Bxa4 20. Nc1 Bb5 21. Re1 Nd5 22. Bh6 Bxh6 23. Qxh6 f6 24. e4 Nxb4 25. Qe3 Qe6 26. Qc3 Qc4 27. Qb2 c5 28. dxc5 Qxc5 29. h4 Nc6 30. Re3 Ne5 31. Nxe5 Qxe5 32. Qxe5 fxe5 33. Rc3 Bc6 34. f3 Kf7 35. Nd3 Kf6 36. Rc5 Re8 37. Kf2 Re6 38. g4 h6 39. Ke3 b6 40. Rc1 Ba4 41. Rc8 Bb3 42. Rc3 Ba4 43. Nb4 Ke7 44. Rc8 Bb3 45. Rh8 Kf7 46. Rh7+ Kf8 47. Rc7 Re7 48. Rc6 Re6 49. Rxe6 Bxe6 50. Nc6 Kf7 51. g5 hxg5 52. hxg5 Kg7 53. Nxe5 Bb3 54. Kd4 Bd1 55. Kd3 Bb3 56. Kc3 Bd1 57. Kc4 Be2+ 58. Kd5 Bf1 59. Kd6 b5 60. Kc5 Be2 61. Kb4 Bf1 62. Kb3 Be2 63. Kc3 Bf1 64. Kb4 Be2 65. Kc5 Bf1 66. Nc6 Kf7 67. Nd4 Ke7 68. Nxb5 Ke6 69. f4 Bd3 70. Nd4+ Ke7 71. Kd5 Bb1 72. Ke5 Ba2 73. f5 gxf5 74. exf5 Kf7 75. g6+ Ke7 76. f6+ 1-0

[Event "Rewal op-A 16th"]
[Site "Rewal"]
[Date "2011.08.23"]
[Round "4"]
[White "Kielar, Maciej"]
[Black "Nasuta, Grzegorz"]
[Result "1/2-1/2"]
[WhiteElo "2138"]
[BlackElo "2237"]
[PlyCount "72"]
[EventDate "2011.08.19"]
[EventType "swiss"]
[EventRounds "9"]
[EventCountry "POL"]
[SourceTitle "CBM 144 Extra"]
[Source "ChessBase"]
[SourceDate "2011.10.28"]
[SourceVersion "1"]
[SourceVersionDate "2011.10.28"]
[SourceQuality "1"]

1. e4 c5 2. Nf3 d6 3. d4 cxd4 4. Nxd4 Nf6 5. Nc3 a6 6. Bg5 e6 7. f4 Qc7 8. Qf3 b5 9. Bxf6 gxf6 10. 0-0-0 b4 11. Nce2 Nd7 12. g4 Bb7 13. Ng3 d5 14. Bg2 Nc5 15. Qe3 0-0-0 16. exd5 Bxd5 17. Bxd5 Rxd5 18. Nde2 Rxd1+ 19. Rxd1 Be7 20. Ne4 Rd8 21. Rxd8+ Kxd8 22. Nxc5 Bxc5 23. Qd3+ Qd6 24. Qxd6+ Bxd6 25. Kd2 Kc7 26. Kd3 Kb6 27. Kc4 Kc6 28. h3 a5 29. b3 Kb6 30. f5 Be5 31. Nc1 Kc6 32. Nd3 Bd6 33. Kd4 Bg3 34. Ke4 Bc7 35. Nb2 Kb5 36. Nc4 Kc5 1/2-1/2